How to start and operate a mail-order business / (Record no. 7305)

MARC details
000 -LEADER
fixed length control field 00734nac a22002051u 4500
010 ## - LIBRARY OF CONGRESS CONTROL NUMBER
LC control number 93017657
020 ## - INTERNATIONAL STANDARD BOOK NUMBER
International Standard Book Number 0070575657 (alk. paper) :
082 00 - DEWEY DECIMAL CLASSIFICATION NUMBER
Classification number 658.872
Item number SIM
090 ## - LOCALLY ASSIGNED LC-TYPE CALL NUMBER (OCLC); LOCAL CALL NUMBER (OCLC)
-- 7305
-- 7305
100 ## - MAIN ENTRY--PERSONAL NAME
Personal name Simon, Julian Lincoln,
245 10 - TITLE STATEMENT
Title How to start and operate a mail-order business /
Statement of responsibility, etc Julian L. Simon ; with contributions by Paul Bringe ... [et al.].
250 ## - EDITION STATEMENT
Edition statement 5th ed.
260 ## - PUBLICATION, DISTRIBUTION, ETC. (IMPRINT)
Place of publication, distribution, etc New York :
Name of publisher, distributor, etc McGraw-Hill,1993
Date of publication, distribution, etc c1993.
300 ## - PHYSICAL DESCRIPTION
Extent xxii, 538 p. :
Other physical details ill. ;
Dimensions 24 cm.
500 ## - GENERAL NOTE
General note distributerr: Al-Ahram
504 ## - BIBLIOGRAPHY, ETC. NOTE
Bibliography, etc Includes bibliographical references (p. 507-525) and index.
511 ## - PARTICIPANT OR PERFORMER NOTE
Participant or performer note catalogued by: wessam
650 #0 - SUBJECT ADDED ENTRY--TOPICAL TERM
Topical term or geographic name as entry element Mail-order business.
942 ## - ADDED ENTRY ELEMENTS (KOHA)
Item type Book - Borrowing
Call number prefix 658.872SIM
Holdings
Withdrawn status Item status Damaged status Not for loan Home library Current library Shelving location Date acquired Source of acquisition Total Checkouts Full call number Barcode Date last seen Date last borrowed Koha item type
        Central Library Central Library First floor 21/01/2008 Purchase 2 658.872SIM 000008803 15/07/2025 11/11/2015 Book - Borrowing